000 00556nam a22001937a 4500
003 OSt
005 20260115042201.0
008 260115b |||||||| |||| 00| 0 eng d
020 _a1-582796351.
040 _aDWCL-Main lib
_cOC
082 _22005 edition
_aGR. 616.857 Ov96 2005
245 _aOvercoming headaches
260 _aUSA :
_bTrident Reference Publishing,
_cc2005.
300 _a63 pages :
_bcolored illustration ;
_c27 cm.
504 _aIncludes index.
650 _21. Headache.
650 _22. Migraine.
942 _2ddc
_cGR
_e2005 ed.
_kGR.
_n0
999 _c7424
_d7424